Measuring and monitoring BEPS

Enregistré dans:
Détails bibliographiques
Format: Livre
Langue:anglais
Publié: Paris OECD 2015
Collection:OECD/G20 base erosion and profit shifting project
Sujets:
Tags: Ajouter un tag
Pas de tags, Soyez le premier à ajouter un tag!

MARC

LEADER 00000nam a2200000 4500
001 0213640
005 20240314123150.4
020 |a 978-92-64-24133-6 
041 0 |a eng 
044 |a FR 
245 1 0 |a Measuring and monitoring BEPS 
264 1 |a Paris  |b OECD  |c 2015 
300 |a 268 s. 
490 1 |a OECD/G20 base erosion and profit shifting project 
830 0 |a OECD/G20 base erosion and profit shifting project 
610 2 0 |a zdaňovanie medzinárodné 
610 2 0 |a hospodárstvo národné 
610 2 0 |a integrácia 
610 2 0 |a transparentnosť 
610 2 0 |a štandardy medzinárodné 
610 2 0 |a investovanie 
610 2 0 |a plánovanie 
610 2 0 |a dane